000 00378nam a22001577a 4500
005 20200601102514.0
008 200601b xxu||||| |||| 00| 0 eng d
041 _aeng
082 _a340
100 _aBARE ACT
_95744
245 _aTHE STREET VENDORS ACT, 2014 (7-2014)
260 _aDELHI
_bPROFESSIONAL BOOK PUBLISHERS
300 _a40;p
650 _aLAW
_95701
942 _cBK
999 _c6747
_d6745